Macroeconomic analysis
Gardado en:
| Autor Principal: | |
|---|---|
| Formato: | Libro |
| Idioma: | inglés |
| Publicado: |
Nueva York
Harcourt, Brace & World
1966
|
| Series: | The Harbrace Series in Business and Economics
|
| Subjects: | |
| Tags: |
Engadir etiqueta
Sen Etiquetas, Sexa o primeiro en etiquetar este rexistro!
|
MARC
| LEADER | 00000nam a2200000 a 4500 | ||
|---|---|---|---|
| 001 | UCR7862 | ||
| 003 | CL-VaPUC | ||
| 008 | 980519e19660000US |||||||||||||||||eng|d | ||
| 082 | 0 | 4 | |a 339 |b SHA |2 21 |
| 100 | 0 | |a Shapiro, Edward |e author |9 409359 | |
| 245 | 1 | 0 | |a Macroeconomic analysis |
| 300 | |a 618 p | ||
| 942 | |c BK | ||
| 945 | |d 19980519 00:00:00 |a crobeson | ||
| 260 | |a Nueva York |b Harcourt, Brace & World |c 1966 | ||
| 650 | 0 | |a Macroeconomía |9 260301 | |
| 650 | 0 | |a Teorías económicas |9 270968 | |
| 650 | 0 | |a Contabilidad |9 261430 | |
| 650 | 0 | |a Economía |9 255568 | |
| 650 | 7 | |a INGRESOS |2 CL-VaPUC |9 367979 | |
| 650 | 0 | |a Análisis macroeconómico |9 358711 | |
| 650 | 0 | |a Inflación |9 257218 | |
| 650 | 0 | |a Capital |9 263726 | |
| 650 | 0 | |a Inversiones |9 345867 | |
| 650 | 0 | |a Consumo |9 333893 | |
| 650 | 7 | |a DEMANDA |2 CL-VaPUC |9 255172 | |
| 650 | 0 | |a Gobierno |9 255508 | |
| 650 | 0 | |a Dinero |9 314331 | |
| 650 | 7 | |a INTERESES |2 CL-VaPUC |9 358017 | |
| 650 | 0 | |a Trabajo y empleo |9 315054 | |
| 650 | 0 | |a Política monetaria |9 258279 | |
| 650 | 0 | |a Política fiscal |9 317354 | |
| 583 | |a last modification |c 19980519 00:00:00 |k Rodrigo Vera | ||
| 490 | 0 | |a The Harbrace Series in Business and Economics | |
| 999 | |c 269441 |d 269439 | ||